LEADER 01650nam 2200457 450 001 9910297053203321 005 20200609002555.0 010 $a3-8452-0451-6 035 $a(CKB)4340000000007794 035 $a(WaSeSS)IndRDA00120566 035 $a(EXLCZ)994340000000007794 100 $a20200609d2007 uy 0 101 0 $ager 135 $aur||||||||||| 181 $ctxt$2rdacontent 182 $cc$2rdamedia 183 $acr$2rdacarrier 200 10$aBildschirmmedien im alltag von kindern und jugendlichen $eproblematische mediennutzungsmuster und ihr zusammenhang mit schulleistungen und aggressivita?t /$fThomas Mo?ssle, Matthias Kleimann, Florian Rehbein 205 $a1.Auflage. 210 1$aBaden-Baden, Germany :$cNomos Verlagsgesellschaft mbH,$d2007. 215 $a1 online resource (145 pages) 225 1 $aInterdisziplina?re Beitra?ge zur kriminologischen Forschung ;$vBand 33 311 $a3-8329-3040-X 320 $aIncludes bibliographical references. 410 0$aInterdisziplina?re Beitra?ge zur kriminologischen Forschung ;$vBand 33. 606 $aMass media and children$zGermany 606 $aAggressiveness$zGermany 606 $aAcademic achievement$zGermany 615 0$aMass media and children 615 0$aAggressiveness 615 0$aAcademic achievement 676 $a302.23083 700 $aMo?ssle$b Thomas$0973378 702 $aKleimann$b Matthias 702 $aRehbein$b Florian 801 0$bWaSeSS 801 1$bWaSeSS 906 $aBOOK 912 $a9910297053203321 996 $aBildschirmmedien im alltag von kindern und jugendlichen$92214475 997 $aUNINA LEADER 03895nam 22007694a 450 001 9910661676203321 005 20250218202628.0 010 $a9786612270123 010 $a9780299216993 010 $a0299216993 010 $a9781282270121 010 $a1282270125 010 $a9780299216931 010 $a0299216934 024 7 $a10.3368/WUKE3481 035 $a(CKB)1000000000477225 035 $a(SSID)ssj0000092817 035 $a(PQKBManifestationID)11119959 035 $a(PQKBTitleCode)TC0000092817 035 $a(PQKBWorkID)10013723 035 $a(PQKB)10510287 035 $a(OCoLC)298789237 035 $a(MdBmJHUP)muse12290 035 $a(Au-PeEL)EBL3444700 035 $a(CaPaEBR)ebr10217055 035 $a(VaAlASP)2039866 035 $a(MiAaPQ)EBC3444700 035 $a(Perlego)4410685 035 $a(EXLCZ)991000000000477225 100 $a20051116d2006 ub 0 101 0 $aeng 135 $aurcn||||||||| 181 $ctxt$2rdacontent 182 $cc$2rdamedia 183 $acr$2rdacarrier 200 10$a1001 beds $eperformances, essays, and travels /$fTim Miller ; edited by Glen Johnson 205 $a1st ed. 210 $aMadison $cUniversity of Wisconsin Press$dc2006 210 1$aMadison :$cUniversity of Wisconsin Press,$d2006. 215 $a1 online resource (xxxi, 277 pages) $cillustrations 225 1 $aLiving out 300 $aBibliographic Level Mode of Issuance: Monograph 311 08$a9780299216948 311 08$a0299216942 311 08$a9780299216900 311 08$a029921690X 320 $aIncludes bibliographical references (p. 273-277). 327 $aIntro -- Contents -- Editor's Introduction -- Prologue: Memory and Facing the Future -- Part I. New York Years -- Performance N.Y.C. -- Floor It! -- Stories from Democracy in America -- Live Boys -- Buddy Systems: Two Excerpts -- Liebestod on Hollywood Boulevard -- Dogfight -- Coda: John in the dream realm -- Part II. Activism -- Professional Autobiography, 1990 -- ACT UP -- Civil Disobedience Weekend -- 'The artist becomes really woven into the community as a worker": Interview with Linda Frye Burnham -- AIDS Test -- Coda: A circle headed towards the future -- Part III. Culture War -- The NEA Four Case -- Artist's Statement, 1989 -- An Artist's Declaration of Independence, July 4, 1990 -- Excerpts from Tim Miller's Deposition in Finley et al, vs. the National Endowment for the Arts et al., 1992 -- Two Supreme Court Reports, 1998 -- Oral argument: Tim Miller's Supreme Court report -- The decision: A Supreme drag -- An Anarchic, Subversive, Erotic Soul: Interview with Steven Durland -- The Battle of Chattanooga -- Coda: Notorious me -- Part IV. The Teacher -- Embodied Pedagogy -- Suck, Spit, Chew, Swallow: A Performative Exploration of Men's Bodies -- Jesus and the Queer Performance Artist -- Coda: The maw of Hollywood -- Part V. Us -- Oklahoma! -- Carnal Garage -- Tokyo Tim -- Us -- Making Us: An Interview with John S. Gentile -- Epilogue -- 1001 Beds -- Acknowledgments -- Bibliography. 330 $aThis intimate autobiographical collage of Miller's professional and personal life reveals one of the celebrated creators of a crucial contemporary art form and a tireless advocate for the American dream of political equality for all citizens. 410 0$aLiving out. 517 3 $aOne thousand one beds 606 $aGay men$zUnited States$vBiography 606 $aPerformance artists$zUnited States$vBiography 615 0$aGay men 615 0$aPerformance artists 676 $a700.92 676 $aB 700 $aMiller$b Tim$f1958-$01146917 701 $aJohnson$b Glen$01146925 712 02$aUniversity of Wisconsin.$4pbl 801 0$bMiAaPQ 801 1$bMiAaPQ 801 2$bMiAaPQ 906 $aBOOK 912 $a9910661676203321 996 $a1001 beds$92687918 997 $aUNINA